000 01154nam a2200325 a 4500
001 000045288
003 DO-SdBNP
005 20250127094754.0
007 ta
008 240127s1982 dr ac 000 0 spa d
040 _aDO-SdBNP
_bspa
_cBPHU
_erda
041 _hspa
082 _a330.97293
_bC343h
_222
100 1 _aCassá, Roberto,
_d1948-
_eautor
_910888
245 1 0 _aHistoria social y económica de la República Dominicana /
_cRoberto Cassá.
250 _a2a edi
264 _aSanto Domingo :
_bPunto y Aparte, Editores,
_c1982.
300 _avolumen :
_bilustraciones retratos. ;
_c28 cm.
336 _ardacontent
_btexto
_2txt
337 _ardamedia
_bsin mediación
_2n
338 _ardacarrier
_bvolumen
_2nc
590 _aInventariado, 2025/DG
650 4 _aRepública Dominicana
_xCondiciones económicas
_910259
650 4 _aRepública Dominicana
_xCondiciones sociales
_950857
651 4 _aRepública Dominicana
_xCondiciones económicas
_xHistoria
_91210
651 4 _aRepública Dominicana
_xCondiciones sociales
_xHistoria
_91211
651 4 _aRepública Dominicana
_xPoblación
_xHistoria
_91456
910 _aDG
942 _2ddc
_cLBS1
999 _c58088
_d58088